<?xml version="1.0" encoding="UTF-8"?>
<record
    xmlns:xsi="http://www.w3.org/2001/XMLSchema-instance"
    xsi:schemaLocation="http://www.loc.gov/MARC21/slim http://www.loc.gov/standards/marcxml/schema/MARC21slim.xsd"
    xmlns="http://www.loc.gov/MARC21/slim">

  <leader>02438cam a22002651i 4500</leader>
  <controlfield tag="001">2456170</controlfield>
  <controlfield tag="005">20210414114205.0</controlfield>
  <controlfield tag="008">730503s1972    enkac    bs   011 0 engs </controlfield>
  <datafield tag="010" ind1=" " ind2=" ">
    <subfield code="a">   73159077  </subfield>
  </datafield>
  <datafield tag="015" ind1=" " ind2=" ">
    <subfield code="a">B73-05558</subfield>
  </datafield>
  <datafield tag="020" ind1=" " ind2=" ">
    <subfield code="a">0043302181</subfield>
  </datafield>
  <datafield tag="035" ind1=" " ind2=" ">
    <subfield code="a">(OCoLC)637313</subfield>
  </datafield>
  <datafield tag="035" ind1=" " ind2=" ">
    <subfield code="a">(OCoLC)ocm00637313</subfield>
  </datafield>
  <datafield tag="035" ind1=" " ind2=" ">
    <subfield code="a">(NNC)2456170</subfield>
  </datafield>
  <datafield tag="050" ind1="0" ind2=" ">
    <subfield code="a">HD82.D388</subfield>
  </datafield>
  <datafield tag="245" ind1="0" ind2="0">
    <subfield code="a">Development and planning: essays in honour of Paul Rosenstein Rodan /</subfield>
    <subfield code="c">edited by Jagdish Bhagwati and Richard S. Eckaus.</subfield>
  </datafield>
  <datafield tag="260" ind1=" " ind2=" ">
    <subfield code="a">London:</subfield>
    <subfield code="b">Routledge,</subfield>
    <subfield code="c">c1972.</subfield>
  </datafield>
  <datafield tag="300" ind1=" " ind2=" ">
    <subfield code="a">343 p.</subfield>
    <subfield code="b">ill (diagrams)</subfield>
    <subfield code="c">24 cm.</subfield>
  </datafield>
  <datafield tag="505" ind1="0" ind2=" ">
    <subfield code="a">Contents: Development economies before 1945 / Arndt, H.W. -- The World Bank's concept of development : an in-house Dogmengeschichte / Adler, J.H. -- Should growth rates be evaluated at international prices? / Bhagwati, J. and Hansen, B. -- Economic growth with unlimited foreign exchange and no technical progress / Hagen, E.E. -- Absorptive capacity as a constraint due to maturation process / Eckaus, R.S. -- A Model of growth of capitalism in a dual agrarian economy / Bardhan, P.K. -- Short-term economic policy / Causas, J. -- Income distribution and agricultural development / Lefeber, L. -- Trade-off curves and regional gaps / Higgins, B. -- Tendencies and determinants of income distribution in western countries : a note / Tinbergen, J. -- The Process of industrialization of an overpopulated agricultural area : the Italian experience / Saraceno, P. -- Restrictions on direct investment in host countries / Kindleberger, C.P. -- Adjustment under the Bretton Woods code with special reference to the less developed countries / Kafka, A. -- International capital movements, fixed parties, and monetary and fiscal policies / Modigliani, F. -- Further reflections on the OECD manual of project analysis in developing countries / Little, I.M.D. and Mirrlees, J.A. -- Labour productivity and other characteristics of cement plants : an international comparison / Diaz-Alejandro, C. -- Some evidence on the short-run productivity puzzle / Solow, R.M. -- A Quantum-theory model of economics : is the co-ordinating entrepreneur just worth his profit? / Samuelson, P.A. -- Bibliography (p. 336-339) / P.N. Rosenstein-Rodan.</subfield>
  </datafield>
  <datafield tag="650" ind1=" " ind2="0">
    <subfield code="a">Economic development.</subfield>
  </datafield>
  <datafield tag="700" ind1="1" ind2=" ">
    <subfield code="a">Rosenstein-Rodan, P. N.</subfield>
  </datafield>
  <datafield tag="700" ind1="1" ind2=" ">
    <subfield code="a">Bhagwati, Jagdish N.,</subfield>
    <subfield code="d">1934-,</subfield>
    <subfield code="e">editor.</subfield>
  </datafield>
  <datafield tag="700" ind1="1" ind2=" ">
    <subfield code="a">Eckaus, Richard S.,</subfield>
    <subfield code="d">1926-,</subfield>
    <subfield code="e">editor.</subfield>
  </datafield>
  <datafield tag="942" ind1=" " ind2=" ">
    <subfield code="2">lcc</subfield>
    <subfield code="c">BK</subfield>
  </datafield>
  <datafield tag="999" ind1=" " ind2=" ">
    <subfield code="c">2735</subfield>
    <subfield code="d">10235</subfield>
  </datafield>
  <datafield tag="952" ind1=" " ind2=" ">
    <subfield code="0">0</subfield>
    <subfield code="1">0</subfield>
    <subfield code="2">lcc</subfield>
    <subfield code="4">0</subfield>
    <subfield code="7">0</subfield>
    <subfield code="a">WIUC-1</subfield>
    <subfield code="b">WIUC-1</subfield>
    <subfield code="c">REF</subfield>
    <subfield code="d">2014-03-20</subfield>
    <subfield code="l">0</subfield>
    <subfield code="o">HD82.D388</subfield>
    <subfield code="p">7460/488/13</subfield>
    <subfield code="r">2014-03-20 00:00:00</subfield>
    <subfield code="w">2014-03-20</subfield>
    <subfield code="y">BK</subfield>
  </datafield>
</record>
